• 首页
  • 本馆介绍
  • 公告通知
  • 最新文献
  • 馆藏检索
  • 电子资源
  • 读者导购
  • 参考咨询
  • 我的图书馆
  • 登录
  • 详细信息显示
  • 放入我的书架
  • 预约/预借图书
  • 作者相关作品
  • 分类相关作品
  • 丛书相关作品
  • 出版社相关作品

书目信息

  • 表格格式
  • 工作单格式
  • 卡片格式
题名:
.NET Compact Framework移动开发指南
    
 
作者: 颜友宁 编著
分册:  
出版信息: 北京   清华大学出版社  2006
页数: 18,607页
开本: 26cm
丛书名:
单 册:
中图分类: TN929.5 , TP368.33
科图分类:
主题词: 移动通讯--程序设计--通讯设备 , 微型计算机--程序设计
电子资源:
ISBN: 7-302-14085-5(含光盘)
000 01215nam0 2200289 450
000 01222nam0 2200289 450
000 01152nam0 2200265 450
000 01115nam0 2200253 450
005 20070602101642.92
010    @a7-302-14085-5(含光盘)@b平塑@dCNY63.00
100    @a20010611d2004 am y0chiy0120 eb
101 0  @achi
102    @aCN@b110000
105    @a 000yy
200 1  @a.NET Compact Framework移动开发指南@A.NET Compact Framework Yi Dong Kai Fa Zhi Nan@b专著@f颜友宁编著@FYan You Ning Bian Zhu
210    @a北京@c清华大学出版社@d2006
215    @a18,607页@c图@d26cm@e光盘1张
307    @a附光盘ISBN:7-89487-104-4
330    @a本书内容由浅入深,紧密结合实际,通过介绍大量典型的移动应用技术编程实例,演示.NET Compact Framework应用的开发过程和编程技巧,能够使没有.NET Compact Framework开发经验甚至没有Windows开发经验的程序员也能够轻松上手,非常适合软件开发或移动开发初学者阅读。
510 1  @a.NET Compact Framework Mobile Application Development Guide@zeng
606 0  @a移动通讯@x程序设计@x通讯设备
606 0  @a微型计算机@x程序设计
690    @aTN929.5@v4
690    @aTP368.33@v4
701  0 @a颜友宁@AYan You Ning@4编著
801  0 @aCN@bTAOJIN@c20070602
905    @a10447@dTN929.5@e47
    
    .NET Compact Framework移动开发指南/颜友宁编著.-北京:清华大学出版社,2006
    18,607页:图;26cm+光盘1张
    
    
    ISBN 7-302-14085-5(含光盘)(平塑):CNY63.00
    本书内容由浅入深,紧密结合实际,通过介绍大量典型的移动应用技术编程实例,演示.NET Compact Framework应用的开发过程和编程技巧,能够使没有.NET Compact Framework开发经验甚至没有Windows开发经验的程序员也能够轻松上手,非常适合软件开发或移动开发初学者阅读。
●
相关链接 在E读中查询图书 在五车中查询图书 在当当中查询图书 在豆瓣中查询图书


正题名:.NET Compact Framework移动开发指南     索取号:TN929.5/47         预约/预借

序号 登录号 条形码 馆藏地/架位号 状态 备注
1 0524475   205244751   第二样本阅览室/ [索取号:TN929.5/47] 在馆    
2 0524476   205244760   第三借阅区/ [索取号:TN929.5/47] 在馆    
3 0524477   205244779   第三借阅区/ [索取号:TN929.5/47] 在馆    
4 0524478   205244788   第三借阅区/ [索取号:TN929.5/47] 在馆    
5 0524479   205244797   第三借阅区/ [索取号:TN929.5/47] 在馆    
6 0524480   205244804   第三借阅区/ [索取号:TN929.5/47] 在馆    
7 0524481   205244813   第三借阅区/ [索取号:TN929.5/47] 在馆    
8 0524482   205244822   第三借阅区/ [索取号:TN929.5/47] 在馆    
唐山师范学院图书馆 欢迎您!
大连网信软件有限公司© 版权所有